La maloca y el territorio (Registro nro. 8462)

Detalles MARC
000 -CABECERA
Campo de control 00890nam a22002417a 4500
005 - FECHA Y HORA DE LA ULTIMA TRANSACCION
Campo de control 20150126162757.0
008 - ELEMENTOS DE LONGITUD FIJA—INFORMACION GENERAL
Campo de control 140528b1993 ck ||||| |||| 00| 0 spa d
040 ## - FUENTE DE CATALOGACIÓN
Agencia catalogadora original CO-BoIAVH
Agencia transcriptora CO-BoIAVH
041 ## - IDIOMA
Código de idioma para texto/pista de sonido o título separado Español
044 ## - PAÍS DE PUBLICACIÓN
País de publicación Colombia
082 ## - NUMERO DE CLASIFICACION DECIMAL DEWEY
Número de clasificación 392.36
Número del ítem L86m
100 1# - ASIENTO PRINCIPAL--NOMBRE PERSONAL
Nombre personal López-Alvarez, María Cecilia
245 13 - MENCION DE TITULO
Título La maloca y el territorio
260 ## - PUBLICACION, DISTRIBUCION, ETC. (PIE DE IMPRENTA)
Lugar de publicación, distribución, etc. Bogotá
Nombre del editor, distribuidor, etc. Centro Experimental Piloto del Amazonas
Fecha de publicación, distribución, etc. 1993
300 ## - DESCRIPCION FISICA
Extensión 79 p.
Otros detalles físicos il.
Dimensiones 28 cm.
500 ## - NOTA GENERAL
Nota general Programa de profesionalización de maestros indígenas. La Chorrera - Amazonas. Ciencias Sociales - Naturaleza y Cultura Uitoto
504 ## - NOTA DE BIBLIOGRAFIA, ETC.
Nota de bibliografía Incluye bibliografía (pag. 79)
650 ## - ASIENTO SECUNDARIO DE MATERIA - TERMINO TEMATICO
Término temático o nombre geográfico como elemento de entrada Indígenas de Colombia
Subdivisión geográfica Vida social y costumbres.
650 #6 - ASIENTO SECUNDARIO DE MATERIA - TERMINO TEMATICO
Término temático o nombre geográfico como elemento de entrada Viviendas indígenas
Subdivisión geográfica Colombia
650 #6 - ASIENTO SECUNDARIO DE MATERIA - TERMINO TEMATICO
Término temático o nombre geográfico como elemento de entrada Arquitectura indígena
Subdivisión geográfica Colombia
651 ## - ASIENTO SECUNDARIO DE MATERIA - NOMBRE GEOGRAFICO
Nombre geográfico Colombia
Subdivisión geográfica Amazonas
942 ## - ELEMENTOS ADICIONALES (KOHA)
Sistema de clasificación Dewey Decimal Classification
Tipo de ítem Impreso
Existencias
Withdrawn status Lost status Sistema de Clasificación Damaged status No para préstamo Colección Inventariado Ubicación Permanente Ubicación actual Fecha de adquisición Fuente de Valor Valor Total Checkouts Número topográfico Inventario / Código de Barras Date last seen Ejemplar Price effective from Forma de adquisición Tipo de material
    Dewey Decimal Classification     General Inventariado 2017 Bogotá Bogotá 28/05/2014 Instituto 39000.00   LB-392.36 L86m 034314 28/05/2014 Ej. 1 28/05/2014   Libro